Chantada y el señorío de los marqueses de Astorga (Registro nro. 140561)

Detalles MARC
000 -LEADER
campo de control de longitud fija 00557nam a2200169 i 4500
001 - NÚMERO DE CONTROL
campo de control 140561
003 - IDENTIFICADOR DE NÚMERO DE CONTROL
campo de control ES-MaACL
005 - FECHA Y HORA DE LA ÚLTIMA TRANSACCIÓN
campo de control 20230906200114.0
007 - CAMPO FIJO DE DESCRIPCIÓN FÍSICA--INFORMACIÓN GENERAL
campo de control de longitud fija t|
008 - DATOS DE LONGITUD FIJA--INFORMACIÓN GENERAL
campo de control de longitud fija 070214s1966 sp r ||||1| spa d
100 1# - ENTRADA PRINCIPAL--NOMBRE DE PERSONA
Nombre de persona Seijas Vázquez, Avelino.
9 (RLIN) 105263
245 10 - MENCIÓN DEL TÍTULO
Título Chantada y el señorío de los marqueses de Astorga
Resto del título : ensayo histórico /
Mención de responsabilidad, etc. Avelino Seijas Vázquez.
260 ## - PUBLICACIÓN, DISTRIBUCIÓN, ETC.
Lugar de publicación, distribución, etc. Chantada (Lugo) :
Nombre del editor, distribuidor, etc. [s. n.],
Fecha de publicación, distribución, etc. 1966 (
Fabricante Gráf. Capitol)
300 ## - DESCRIPCIÓN FÍSICA
Extensión 51 p. ;
Dimensiones 23 cm.
651 #4 - PUNTO DE ACCESO ADICIONAL DE MATERIA--NOMBRE GEOGRÁFICO
Nombre geográfico Chantada-
Subdivisión general Historia.
9 (RLIN) 157800
852 ## - LOCALIZACIÓN
Ubicación ES-MaACL
Número de control de estantería 2056-F-9
Sublocalización o colección R.61650
Existencias
Estatus retirado Estado de pérdida Estado de daño No para préstamo Colección Biblioteca de origen Biblioteca actual Ubicación en estantería Fecha de adquisición Fuente de adquisición Total de préstamos Signatura topográfica completa Código de barras Visto por última vez Precio de reemplazo Tipo de ítem Koha
        Colección de folletos Biblioteca del Ateneo de Madrid Biblioteca del Ateneo de Madrid Depósito folletos 17/01/2008     2056-F-9 1146270 23/02/2023 23/02/2023 Folleto